Sports Quiz

Random Sports or NBA Quiz
Score 0/48 Timer 07:00
0 Plays Today
Category: Player: % Correct
1989-90Michael Jordan
96.1%
1987-88Michael Jordan
96.1%
1986-87Michael Jordan
96.1%
1984-85Michael Jordan
96.1%
2005-06Kobe Bryant
95.8%
2002-03Kobe Bryant
95.8%
2005-06LeBron James
91.4%
1965-66Wilt Chamberlain
90.6%
1964-65Wilt Chamberlain
90.6%
1962-63Wilt Chamberlain
90.6%
1961-62Wilt Chamberlain
90.6%
1987-88Larry Bird
88%
1984-85Larry Bird
88%
1970-71Kareem Abdul-Jabbar
87.7%
1989-90Karl Malone
83.6%
1987-88Karl Malone
83.6%
1981-82Moses Malone
83.5%
2005-06Allen Iverson
83.2%
2002-03Allen Iverson
83.2%
1965-66Jerry West
80%
1964-65Jerry West
80%
1961-62Jerry West
80%
1965-66Oscar Robertson
76.8%
1964-65Oscar Robertson
76.8%
Category: Player: % Correct
1962-63Oscar Robertson
76.8%
1961-62Oscar Robertson
76.8%
1962-63Elgin Baylor
74.7%
2002-03Tracy McGrady
72.2%
1987-88Dominique Wilkins
67.6%
1986-87Dominique Wilkins
67.6%
1985-86Dominique Wilkins
67.6%
1986-87Alex English
66.3%
1985-86Alex English
66.3%
1984-85Alex English
66.3%
1961-62Bob Pettit
65.7%
1987-88Charles Barkley
65.2%
1981-82George Gervin
61.5%
1970-71John Havlicek
60.7%
1985-86Adrian Dantley
60.5%
1983-84Adrian Dantley
60.5%
1981-82Adrian Dantley
60.5%
1989-90Patrick Ewing
60.1%
1970-71Elvin Hayes
55.5%
2005-06Gilbert Arenas
43.1%
1961-62Walt Bellamy
39%
1983-84Mark Aguirre
36%
1983-84Kiki Vandeweghe
33.2%
1961-62Richie Guerin
16.4%
Remove Ads.
Support Sporcle.
Get the best of Sporcle when you Go Orange. This ad-free experience offers more features, more stats, and more fun while also helping to support Sporcle. Thank you for becoming a member.

You're not logged in!

Compare scores with friends on all Sporcle quizzes.
OR
Log In

Sporcle TV

Today on Sporcle TV


Watch our educational content, quiz creation guides, and fun videos on Sporcle TV.

Show Comments

Extras

Top Quizzes Today


Score Distribution

Paid Content

Your Account Isn't Verified!

In order to create a playlist on Sporcle, you need to verify the email address you used during registration. Go to your Sporcle Settings to finish the process.

Report this User

Report this user for behavior that violates our Community Guidelines.

Details: